000 01326nam0a2200325 4500
001 RU\NLR\bibl\62308
005 20250616092013.0
010 _a5-7691-0876-2
_9300
021 _aRU
_b99-30063
_91468
021 _aRU
_b2000-2844
_9140
035 _a(NLR Aleph) 000060800
090 _a331071
_c331071
100 _a19991207d1999 |||y0rusy50 ca
101 0 _arus
102 _aRU
105 _aa |||||||||
200 1 _aСтруктура ассимиляционного аппарата и CO2-газообмен у хвойных
_fС.В. Загирова
_gРос. акад. наук. Ур. отд-ние, Коми науч. центр. Ин-т биологии
210 _aЕкатеринбург
_cНИСО УрО РАН
_d1999
215 _a106, [2] с.
_cил.
_d20
320 _aБиблиогр. в конце кн.
606 0 _aХвойные деревья
_xГазообмен
_92133941
_3RU\NLR\auth\661287021
606 0 _aХвойные деревья
_xФотосинтез
_91904584
_3RU\NLR\auth\661157057
686 _aП381-273
700 1 _aЗагирова
_bС. В.
_gСветлана Витальевна
_4070
801 0 _aRU
_bNLR
_c19991207
_gPSBO
801 1 _aRU
_bNLR
_c19991207
852 _aNLR
_j99-3/15527
942 _cBOOK
980 _aNB